000 01041cab a2200385 4500
001 ABS58861
008 090401t1998 xxu||||| |||| 00| 0 eng d
035 _a(Sirsi) u87154
041 _aeng
245 _aFocus `98 : Lancashire and Cumbria
260 _c1998
350 _a0
490 _aEstates Gazette
_v(9825) 20 June 1998, 121-143(15)
650 _aBARROW IN FURNESS
650 _aBLACKBURN
650 _aBLACKPOOL
650 _aCARLISLE
650 _aCHORLEY
650 _aCUMBRIA
650 _aINDUSTRIAL MARKET
650 _aKENDAL
650 _aLANCASHIRE
650 _aLAND PRICES
650 _aLEYLAND
650 _aM65 CORRIDOR
650 _aMORECAMBE
650 _aPROPERTY-COMMERCIAL PROPERTY-OFFICE PROPERTY-OFFICE PROPERTY MARKET
650 _aPRESTON
650 _aRENRITH
650 _aRENTS
650 _aPROPERTY-COMMERCIAL PROPERTY-RETAIL PROPERTY-RETAIL PROPERTY MARKET
690 _aPROPERTY-COMMERCIAL PROPERTY-COMMERCIAL PROPERTY MARKET
942 _n0
948 _c02/07/1998
999 _c54939
_d54939